000 00583nam a2200193 a 4500
001 2338
005 20140414131923.0
008 010727s19uu xx 00 eng d
020 _a2-921171-11-2
050 _aER
_bSt6
100 _aHoleinone, Peter
245 _aStory of the three little pigs and other tales (The) /
_ctext by Peter Holeinone ; illustrated by Tony Wolf.
260 _aCanada :
_bTormont.
300 _a55 p. : ill. ; cm.
440 _aGreat Fairy Tale Classics
650 _aChildren's stories.
650 _aCollection of short stories.
999 _c111880
_d111880